| 000 | 00630nam a2200217 4500 | ||
|---|---|---|---|
| 003 | OSt | ||
| 005 | 20260421022442.0 | ||
| 006 | a | ||
| 008 | 240704b |||||||| |||| 00| 0 eng d | ||
| 020 | _a9780071284547 | ||
| 040 |
_aDWCL-Main lib. _cOC |
||
| 082 |
_2Fourth edition _aCirc. 500 T575i 2008 |
||
| 100 | _aTillery, Bill W. | ||
| 245 | _aIntegrated science / | ||
| 250 | _aFourth edition | ||
| 260 |
_aBoston: _bMcGraw-Hill Hiogher Education, _cc2008. |
||
| 300 |
_aXviii, _b749 p.: col. ill.; _c28cm. |
||
| 504 | _aIncludes index. | ||
| 650 | _a1. Science-textbooks. | ||
| 942 |
_2ddc _n0 _cBK-CIRC _eFourth edition _kCirc. |
||
| 999 |
_c1942 _d1942 |
||